| 000 | 03676nam a22002657a 4500 | ||
|---|---|---|---|
| 003 | DO-SdBJH | ||
| 005 | 20260629212419.0 | ||
| 008 | 260624b2025 |||do||| |||| 00| 0 spa d | ||
| 040 |
_aDO-SdBJH _bspa _cDO-SdBJH |
||
| 041 | 0 | _aspa | |
| 090 |
_aCT CM-0015 _bAMBC 2025 |
||
| 100 | 1 |
_aHernandez Toribio, Luismi Manuel _esustentante |
|
| 245 | 1 | 0 |
_aPropuesta de un plan de seguridad y vigilanci en la verja perimetral inteligente par las unidades empeñadas en la frontera terrestre, en la provincia de Dajabón : _b2022-2024 / _cLuismi Manuel Hernández Toribio ; asesor metodológico David Aguilar ; asesor de contenido Edison Hidalgo Polanco. |
| 260 |
_aSanto Domingo, República Dominicana : _bUNADE, _c2025. |
||
| 300 |
_axiv, 89, [03] páginas : _bgráficas, fotografías. |
||
| 502 | _aTesis y trabajo de grado (Licenciatura en Ciencias Militares)--Universidad Nacional para la Defensa "General Juan Pablo Duarte y Díez", Santo Domingo, 2025. | ||
| 504 | _aIncluye referencias bibliográficas y anexos. | ||
| 505 | _aElementos que integran la verja perimetral inteligente en la frontera terrestre Dominico-Haitiana -- Debilidades, obstáculos, limitaciones y amenazas a la seguridad y vigilancia en la verja perimetral inteligente en la Frontera Terrestre -- Propuesta de un plan de seguridad y vigilancia en la verja perimetral inteligente para las seguridades empeñadas en la frontera. | ||
| 520 | _aEl presente trabajo tiene como propósito expresar la seguridad fronteriza, que representa un eje fundamental para la soberanía, el orden interno y el desarrollo sostenible de cualquier nación. En el caso de la República Dominicana, la frontera terrestre con Haití especialmente en la provincia de Dajabón ha sido históricamente una zona de alta sensibilidad, donde concluyen dinámicas complejas como la migración irregular, el contrabando, el trafico de personas y mercancías y otros desafíos vinculados al control territorial. Ante este escenario, la implementación de mecanismos innovadores de vigilancia y control, como una verja perimetral inteligente, se vuelve una necesidad estratégica para certificar la protección segura del país, el respeto a los derechos humanos y la armonía política de la zona limítrofe. Esta propuesta se centra en el diseño y ejecución de un Plan de Seguridad y Vigilancia que defienda el movimiento de la verja perimetral inteligente ubicada en la provincia de Dajabón, durante el periodo, 2022-2024. El plan busca no solo fortificar las capacidades operantes del personal militar y policial destacado en la frontera, sino también formar el uso de tecnología evolucionadas que permitan una gestión mas eficiente, segura y clara de control fronterizo. La verja inteligente observa la instalación de dispositivos tecnológicos como cámaras de alta resolución, sensores de movimientos, sistemas de reconocimiento facial y térmico, y redes desde la comunicación segura que permitan la vigilancia en tiempo real del perímetro. Estos sistemas están pensados para apoyar directamente a las unidades de seguridad empeñadas en las zona, mejorando su capacidad de respuesta, reduciendo riesgos y disminuyendo la dependencia de métodos tradicionales de vigilancia. | ||
| 650 | 7 |
_2lemb _aVigilancia fronteriza _vTesis y disertaciones académicas _xSistemas de seguridad _xInnovaciones tecnológicas _zFrontera dominico-haitiana |
|
| 650 | 7 |
_2lemb _aSeguridad fronteriza _vTesis y disertaciones académicas _xPlanificación _xAdministración de la seguridad _zFrontera dominico-haitiana |
|
| 700 | 1 |
_aAguilar, David _easesor metodológico |
|
| 700 | 1 |
_aHidalgo Polanco, Edison _easesor de contenido |
|
| 942 |
_2CL _cT |
||
| 999 |
_c8727 _d8727 |
||